French masculinities : history, culture and politics
Saved in:
| Other Authors: | , |
|---|---|
| Format: | Book |
| Language: | English |
| Published: |
Basingstoke [England]; New York :
Palgrave Macmillan,
2007
|
| Subjects: | |
| Tags: |
Add Tag
No Tags, Be the first to tag this record!
|
MARC
| LEADER | 00000cam a2200000 i 4500 | ||
|---|---|---|---|
| 001 | 1/2032 | ||
| 008 | 091015s2007 eng d | ||
| 020 | |a 978-0-230-00661-4 | ||
| 035 | |l 10105828 | ||
| 040 | |a GR-MY-UA |b gre |e aacr | ||
| 041 | 0 | |a eng | |
| 082 | 0 | |a 305.310944 |2 (22) | |
| 245 | 1 | 0 | |a French masculinities : |b history, culture and politics / |c edited by Christopher E. Forth and Bertrand Taithe |
| 260 | |a Basingstoke [England]; New York : |b Palgrave Macmillan, |c 2007 | ||
| 300 | |a xi, 249 σ.; |c 23 εκ. | ||
| 504 | |a Περιέχει βιβλιγοραφία και ευρετήριο | ||
| 650 | 0 | 0 | |a Men |z France. |
| 650 | 0 | 0 | |a Masculinity |z France. |
| 700 | 1 | |a Forth, Chrostopher E. |4 edt | |
| 700 | 1 | |a Taithe, Bertrand. |4 edt | |
| 852 | |a INST |b LESVOS |e 20091015 |h 305.310944 FRE |p 005100046323 |q 005100046323 |t BK |y 0 | ||
| 901 | |a BIBL1-2009-3 | ||
| 909 | |a Λ |b 159496 | ||
| 970 | |a ΤΖΑΦΕΡΗ |b ΕΥΑΓΓΕΛΙΑ |z 2009/10/15 | ||